| 000 | 00601nam a2200193 a 4500 | ||
|---|---|---|---|
| 001 | 951 | ||
| 003 | CDMR | ||
| 005 | 20131107133058.0 | ||
| 008 | 130130s1986||||||||||||||||||||||||||||d | ||
| 020 | _a8486094178 | ||
| 040 |
_aCDMR _bcat _cCDMR |
||
| 100 | 1 |
_aLera Salso, Emilio _9741 |
|
| 245 | 1 | 3 |
_aEl futuro de las telecomunicaciones españolas _b: prospectiva y previsión tecnológica _cEmilio Lera Salso ; José Antonio Díaz |
| 260 |
_aMadrid _c1986 _bFundesco |
||
| 300 |
_a264 p. _bgràf. |
||
| 490 | 0 | _aImpactos (Fundesco) | |
| 650 | 0 | 4 |
_94180 _aSistemes de telecomunicació _zEspanya |
| 942 |
_cMON _2udc |
||
| 999 |
_c951 _d951 |
||